000 00722nam a2200205 a 4500
005 20241120063721.0
008 041125s1992 ag r 000 0 spa d
020 _a8470464868
035 _aUPN01000136594
049 _aCG
050 4 _aLB1707
_bI5.8
245 0 3 _aLa investigación sobre formación del profesorado :
_bmétodos de investigación y análisis de datos /
_ccoord. Carlos Marcelo García.
260 _aBuenos Aires :
_bCincel,
_cc1992.
300 _a257 p. :
_bfigs.
440 0 _aInvestigación y formación del profesorado ;
_v3
650 4 _aMaestros
_xFormación profesional
_9804
650 4 _aEducación
_xInvestigación
_94070
700 1 _aMarcelo García, Carlos
_ecoord.
_932073
905 _aLibro
999 _c108745
_d108745